Az online marketing térnyerése a Buddha-Bar Hotel és Restaurant példáján keresztül

Bibliográfiai részletek
Szerző: Kobela Lilla
További közreműködők: Harsányi Dr. Dávid
Dokumentumtípus: Projektmunka
Kulcsszavak:Online Marketing
Marketing
Online marketing eszköz elemzés
Online Access:http://dolgozattar.uni-bge.hu/12530

MARC

LEADER 00000nnm a2200000 i 4500
001 dolg12530
005 20170703134417.0
008 170524suuuu hu o 000 hun d
040 |a BGE Dolgozattár Repozitórium  |b hun 
041 |a hu 
100 1 |a Kobela Lilla 
245 1 3 |a Az online marketing térnyerése a Buddha-Bar Hotel és Restaurant példáján keresztül  |c Kobela Lilla  |h [elektronikus dokumentum] 
246 1 1 |a Az online marketing térnyerése a Buddha-Bar Hotel és Restaurant példáján keresztül 
516 |a Project_work 
695 |a Online Marketing  
695 |a  Marketing  
695 |a Online marketing eszköz elemzés 
700 1 |a Harsányi Dr. Dávid  |e ths 
856 4 0 |u http://dolgozattar.uni-bge.hu/12530/1/Kobela%20Lilla%20v%C3%A9gleges.pdf  |z Dokumentum-elérés